Southwest Airlines Success : (Record no. 5126)
[ view plain ]
| 000 -CABECERA | |
|---|---|
| campo de control de longitud fija | 01484nam a22002537a 4500 |
| 003 - IDENTIFICADOR DEL NÚMERO DE CONTROL | |
| campo de control | OSt |
| 005 - FECHA Y HORA DE LA ÚLTIMA TRANSACCIÓN | |
| campo de control | 20251103102926.0 |
| 008 - DATOS DE LONGITUD FIJA--INFORMACIÓN GENERAL | |
| campo de control de longitud fija | 250910b |||||||| |||| 00| 0 eng d |
| 022 ## - NÚMERO INTERNACIONAL NORMALIZADO PARA PUBLICACIONES SERIADAS | |
| Número Internacional Normalizado para Publicaciones Seriadas | 0976-0431 |
| 040 ## - FUENTE DE LA CATALOGACIÓN | |
| Centro catalogador/agencia de origen | English |
| Centro/agencia transcriptor | tbs |
| 041 ## - CÓDIGO DE LENGUA | |
| Código de lengua del texto/banda sonora o título independiente | English |
| 100 ## - ENTRADA PRINCIPAL--NOMBRE DE PERSONA | |
| Nombre de persona | Muduli, Ashutosh |
| 9 (RLIN) | 26389 |
| 245 ## - MENCIÓN DE TÍTULO | |
| Título | Southwest Airlines Success : |
| Mención de responsabilidad, etc. | / Ashutosh Muduli ; Vinita Kaura |
| Resto del título | : A Case Study Analysis |
| 260 ## - PUBLICACIÓN, DISTRIBUCIÓN, ETC. | |
| Nombre del editor, distribuidor, etc. | BVIMR Management Edge |
| Fecha de publicación, distribución, etc. | 2011 |
| 362 ## - FECHAS DE PUBLICACIÓN Y/O DESIGNACIÓN SECUENCIAL | |
| Fecha de publicación y/o designación secuencial | BVIMR Management Edge. 2011, Vol. 4 Issue 2, p115-118. 4p. |
| 520 ## - SUMARIO, ETC. | |
| Sumario, etc. | In this cut throat competitive era service firms may survive with innovative strategies with reference to people, process and physical evidence that differentiate their services from their competitors. The key objective of this paper is to highlight the strategies of Southwest airlines that facilitated it to produce a successful model in airlines industry that was benchmark for the entire world. Paper enlightens that if a service firm gives priority to its employees than customers, it automatically serves customers in better way as services of a company are given through employees and employees' delight is customers' delight in service sector. |
| 653 ## - TÉRMINO DE INDIZACIÓN--NO CONTROLADO | |
| Término no controlado | Airline industry |
| 653 ## - TÉRMINO DE INDIZACIÓN--NO CONTROLADO | |
| Término no controlado | Service industries |
| 653 ## - TÉRMINO DE INDIZACIÓN--NO CONTROLADO | |
| Término no controlado | Business success |
| 653 ## - TÉRMINO DE INDIZACIÓN--NO CONTROLADO | |
| Término no controlado | Customer services |
| 653 ## - TÉRMINO DE INDIZACIÓN--NO CONTROLADO | |
| Término no controlado | Southwest Airlines Co. |
| 856 ## - LOCALIZACIÓN Y ACCESO ELECTRÓNICOS | |
| Identificador Uniforme del Recurso | <a href="https://bibliotheque.tbs-education.fr/Default/doc/bth/67657008/southwest-airlines-success-a-case-study-analysis">https://bibliotheque.tbs-education.fr/Default/doc/bth/67657008/southwest-airlines-success-a-case-study-analysis</a> |
| 942 ## - ELEMENTOS DE ENTRADA AGREGADA (KOHA) | |
| Fuente del sistema de clasificación o colocación | Clasificación de Library of Congress |
| Estado de retiro | Estado de pérdida | Fuente del sistema de clasificación o colocación | Estado dañado | No para préstamo | Biblioteca de origen | Biblioteca actual | Fecha de adquisición | Total de préstamos | Fecha visto por última vez | Identificador Uniforme del Recurso | Precio válido a partir de | Tipo de ítem Koha |
|---|---|---|---|---|---|---|---|---|---|---|---|---|
| Clasificación de Library of Congress | TBS Barcelona | TBS Barcelona | 03/11/2025 | 03/11/2025 | https://bibliotheque.tbs-education.fr/Default/doc/bth/67657008/southwest-airlines-success-a-case-study-analysis | 03/11/2025 | Academic Article |

